Reducing the risk (Record no. 80606)

MARC details
000 -LEADER
fixed length control field 00647cab a22001815a 4500
001 - CONTROL NUMBER
control field L144825
008 - FIXED-LENGTH DATA ELEMENTS--GENERAL INFORMATION
fixed length control field 080812e20080718xxko f 000 0 eng d
035 ## - SYSTEM CONTROL NUMBER
System control number (Sirsi) u144825
041 0# - LANGUAGE CODE
Language code of text/sound track or separate title eng
100 1# - MAIN ENTRY--PERSONAL NAME
Personal name Morris, Huw
245 00 - TITLE STATEMENT
Title Reducing the risk
260 ## - PUBLICATION, DISTRIBUTION, ETC.
Date of publication, distribution, etc. 2008
490 ## - SERIES STATEMENT
Series statement Planning
Volume/sequential designation (1778) 18 July 2008, 16-18(3)
520 ## - SUMMARY, ETC.
Summary, etc. Article looks at the register of heritage sites at risks and suggests that it should be used to promote positive action to protect neglected historical treasures.
651 #4 - SUBJECT ADDED ENTRY--GEOGRAPHIC NAME
Geographic name England and Wales
Chronological subdivision 1543-
690 ## - LOCAL SUBJECT ADDED ENTRY--TOPICAL TERM (OCLC, RLIN)
Topical term or geographic name as entry element BUILT ENVIRONMENT-BUILDING TYPES-ANCIENT MONUMENTS AND HISTORIC BUILDINGS
942 ## - ADDED ENTRY ELEMENTS (KOHA)
Suppress in OPAC 0
Holdings
Withdrawn status Lost status Source of classification or shelving scheme Damaged status Not for loan Home library Current library Shelving location Date acquired Total Checkouts Full call number Barcode Date last seen Copy number Price effective from Koha item type
    Dewey Decimal Classification     London London Journal article 12/08/2008   L144825 144825-1001 06/08/2019 1 06/08/2019 Journal article